Les tribunaux mixtes d'Egypte / (Record no. 69807)

MARC details
000 -LEADER
campo de control de longitud fija 00543nam a2200169 i 4500
001 - NÚMERO DE CONTROL
campo de control 69807
003 - IDENTIFICADOR DE NÚMERO DE CONTROL
campo de control ES-MaACL
005 - FECHA Y HORA DE LA ÚLTIMA TRANSACCIÓN
campo de control 20230906170626.0
007 - CAMPO FIJO DE DESCRIPCIÓN FÍSICA--INFORMACIÓN GENERAL
campo de control de longitud fija t|
008 - DATOS DE LONGITUD FIJA--INFORMACIÓN GENERAL
campo de control de longitud fija 040712s1914 ua ||||1| fre d
100 1# - ENTRADA PRINCIPAL--NOMBRE DE PERSONA
Nombre de persona García de Herreros, Enrique.
9 (RLIN) 54434
245 14 - MENCIÓN DEL TÍTULO
Título Les tribunaux mixtes d'Egypte /
Mención de responsabilidad, etc. par Enrique García de Herreros ; preface par Mª Francis Lalöé.
260 ## - PUBLICACIÓN, DISTRIBUCIÓN, ETC.
Lugar de publicación, distribución, etc. [Alexandrie :
Nombre del editor, distribuidor, etc. Uroleo Petrini et Cª,
Fecha de publicación, distribución, etc. 1914]
300 ## - DESCRIPCIÓN FÍSICA
Extensión XXIII, 229 p. ;
Dimensiones 19 cm.
700 1# - ENTRADA AGREGADA--NOMBRE PERSONAL
Nombre de persona Lalöé, Mª Francis.
9 (RLIN) 69738
852 ## - LOCALIZACIÓN
Ubicación ES-MaACL
Número de control de estantería D-2333
Holdings
Estatus retirado Estado de pérdida Estado de daño No para préstamo Biblioteca de origen Biblioteca actual Ubicación en estantería Fecha de adquisición Fuente de adquisición Total de préstamos Signatura topográfica completa Código de barras Visto por última vez Precio de reemplazo Tipo de ítem Koha
        Biblioteca del Ateneo de Madrid Biblioteca del Ateneo de Madrid Sala Valle Inclán 17/01/2008     D-2333 901073097 23/02/2023 23/02/2023 Libro impreso